[Event "27. Int. Liechtenstein - OPEN "]
[Site "Triesen"]
[Date "2009.05.15"]
[Round "1"]
[White "Gorse, Gerard"]
[Black "Hera, Imre Jr"]
[Result "0-1"]
[WhiteElo "2034"]
[BlackElo "2533"]
[PlyCount "50"]
[EventDate "2009.05.15"]

1. d4 Nf6 2. c4 e6 3. g3 d5 4. Bg2 Bb4+ 5. Bd2 Be7 6. Nf3 O-O 7. O-O Nbd7 8.
Qc2 c6 9. Bf4 a5 10. Nc3 dxc4 11. Rad1 Nd5 12. Ne5 Nxe5 13. dxe5 Qc7 14. Ne4 b5
15. Nf6+ Bxf6 16. exf6 Nxf4 17. fxg7 Kxg7 18. gxf4 Qxf4 19. Bxc6 Ra6 20. Bf3 e5
21. Kh1 Rh6 22. Rg1+ Kh8 23. Rg3 Qh4 24. h3 Bxh3 25. Kg1 Rg8 0-1

[Event "27. Int. Liechtenstein - OPEN "]
[Site "Triesen"]
[Date "2009.05.15"]
[Round "1"]
[White "Bogner, Sebastian"]
[Black "Spanton, Tim"]
[Result "1-0"]
[WhiteElo "2511"]
[BlackElo "2034"]
[PlyCount "67"]
[EventDate "2009.05.15"]

1. d4 d5 2. c4 Nc6 3. Nf3 Bg4 4. cxd5 Bxf3 5. gxf3 Qxd5 6. e3 e5 7. Nc3 Bb4 8.
Bd2 Bxc3 9. bxc3 Qd6 10. Rb1 O-O-O 11. Qb3 b6 12. Qxf7 Nh6 13. Qc4 Rhf8 14. Bd3
Rxf3 15. Be4 Rf6 16. d5 Na5 17. Qa6+ Nb7 18. c4 Kb8 19. Bb4 c5 20. dxc6 Nc5 21.
c7+ Kxc7 22. Qxa7+ Kc8 23. Bb7+ Kd7 24. Bd5+ Ke8 25. Bxc5 Qxc5 26. Rb5 Qe7 27.
Qxe7+ Kxe7 28. Ke2 Rdf8 29. Rf1 Ng4 30. f3 Nxh2 31. Rf2 Rh6 32. Be4 Rff6 33.
Rxe5+ Re6 34. Rg5 1-0

[Event "27. Int. Liechtenstein - OPEN "]
[Site "Triesen"]
[Date "2009.05.15"]
[Round "1"]
[White "Baumann, Kurt"]
[Black "Van Der Weide, Karel"]
[Result "0-1"]
[WhiteElo "2020"]
[BlackElo "2497"]
[PlyCount "49"]
[EventDate "2009.05.15"]

1. e4 c5 2. Nf3 e6 3. d4 cxd4 4. Nxd4 a6 5. Bd3 Nf6 6. c4 Nc6 7. Nxc6 dxc6 8.
e5 Qa5+ 9. Nd2 Qxe5+ 10. Be2 Qc7 11. O-O Bd6 12. Nf3 e5 13. Re1 O-O 14. h3 e4
15. Nd2 Bf5 16. Nf1 Bg6 17. Ne3 Rad8 18. Qb3 Nd7 19. Bd2 Nc5 20. Qc2 a5 21. b3
f5 22. Qb2 f4 23. Nc2 f3 24. gxf3 exf3 25. Bf1 0-1

[Event "27. Int. Liechtenstein - OPEN "]
[Site "Triesen"]
[Date "2009.05.15"]
[Round "1"]
[White "Farago, Ivan"]
[Black "Raddatz, Michael"]
[Result "1-0"]
[WhiteElo "2491"]
[BlackElo "2018"]
[PlyCount "81"]
[EventDate "2009.05.15"]

1. d4 d6 2. Nf3 Nf6 3. c4 g6 4. Nc3 Bg7 5. e4 O-O 6. Be2 b6 7. O-O Bb7 8. Qc2
Nc6 9. d5 Nb4 10. Qd1 a5 11. Nd4 Qd7 12. Be3 e6 13. f3 exd5 14. cxd5 Qe7 15.
Qd2 Na6 16. a3 Nc5 17. b4 Ncd7 18. Rac1 Ne5 19. Ncb5 Rfc8 20. Rc2 axb4 21. axb4
Ne8 22. Rfc1 h5 23. h3 Bf6 24. f4 Nd7 25. Nxc7 Nxc7 26. Rxc7 Rxc7 27. Rxc7 Ra1+
28. Kh2 Qxe4 29. Rxb7 Qb1 30. Rxd7 Qh1+ 31. Kg3 h4+ 32. Kf3 Qh2 33. Bf2 Ra3+
34. Bd3 Bxd4 35. Qe2 Be5 36. fxe5 dxe5 37. Qe4 f5 38. Qxh4 e4+ 39. Ke3 f4+ 40.
Kxe4 Qxg2+ 41. Ke5 1-0

[Event "27. Int. Liechtenstein - OPEN "]
[Site "Triesen"]
[Date "2009.05.15"]
[Round "1"]
[White "Tschedemnig, Herbert"]
[Black "Kohlweyer, Bernd"]
[Result "0-1"]
[WhiteElo "2014"]
[BlackElo "2435"]
[PlyCount "80"]
[EventDate "2009.05.15"]

1. e4 c5 2. Nf3 d6 3. Be2 Nf6 4. Nc3 Nc6 5. d4 cxd4 6. Nxd4 e5 7. Nb3 Be7 8.
O-O O-O 9. Be3 a5 10. a3 Be6 11. Bf3 a4 12. Nc1 Nd7 13. Nd5 Ra5 14. b4 axb3 15.
Nxb3 Ra4 16. c3 Bxd5 17. exd5 Ncb8 18. Nc5 Nxc5 19. Bxc5 Rc4 20. Bb4 f5 21. Be2
Rc8 22. Qd3 Rf7 23. Qh3 g6 24. Rab1 e4 25. c4 Na6 26. Bc3 Bf6 27. Bb4 Be5 28.
Qb3 Qh4 29. Qh3 Qf6 30. Rfd1 h5 31. Rb3 Kg7 32. Kh1 Re8 33. g3 Rh8 34. Qg2 h4
35. h3 hxg3 36. fxg3 Nxb4 37. axb4 b6 38. Rf1 Qg5 39. g4 Rh4 40. Rbb1 Qe3 0-1

[Event "27. Int. Liechtenstein - OPEN "]
[Site "Triesen"]
[Date "2009.05.15"]
[Round "1"]
[White "Siebrecht, Sebastian"]
[Black "Heikkila, Antti"]
[Result "1-0"]
[WhiteElo "2433"]
[BlackElo "2003"]
[PlyCount "67"]
[EventDate "2009.05.15"]

1. d4 c5 2. d5 g6 3. e4 Bg7 4. Nc3 d6 5. Bb5+ Bd7 6. Be2 Na6 7. Nf3 Nf6 8. O-O
O-O 9. a4 Nc7 10. Nd2 a6 11. a5 Bb5 12. Nc4 Bxc4 13. Bxc4 Nb5 14. Re1 Ne8 15.
Ne2 Nf6 16. Ng3 Nd7 17. c3 b6 18. axb6 Nxb6 19. Bf1 e5 20. dxe6 fxe6 21. Qb3
Qd7 22. Be3 Rfb8 23. Rxa6 Rxa6 24. Bxb5 Nd5 25. Bxd7 Rxb3 26. Bxe6+ Kf8 27.
exd5 Rxb2 28. Ne4 Rba2 29. g3 Ra1 30. Rxa1 Rxa1+ 31. Kg2 Ra6 32. Nxd6 Rxd6 33.
Bxc5 Ke7 34. c4 1-0

[Event "27. Int. Liechtenstein - OPEN "]
[Site "Triesen"]
[Date "2009.05.15"]
[Round "1"]
[White "Meier, Gerd"]
[Black "Foisor, Cristina-Adela"]
[Result "0-1"]
[WhiteElo "1999"]
[BlackElo "2423"]
[PlyCount "80"]
[EventDate "2009.05.15"]

1. d4 g6 2. Nf3 Bg7 3. e4 d6 4. c4 Nd7 5. Nc3 e5 6. d5 f5 7. Bg5 Ndf6 8. Be2
Ne7 9. Nd2 h6 10. Bxf6 Bxf6 11. exf5 gxf5 12. Bh5+ Kf8 13. Qe2 c6 14. O-O-O
cxd5 15. cxd5 Bd7 16. Kb1 b5 17. Qf3 Ng8 18. g4 e4 19. Qg3 Be5 20. f4 exf3 21.
Qxf3 Nf6 22. gxf5 Nxh5 23. Qxh5 Qg5 24. Qxg5 hxg5 25. Rdf1 Bf4 26. Nb3 Bxf5+
27. Ka1 Rh4 28. Nd4 Bh3 29. Ne6+ Ke7 30. Nxf4 gxf4 31. Rf2 Rg8 32. Re1+ Kd7 33.
Nxb5 Rg2 34. Rxg2 Bxg2 35. Nc3 f3 36. Nd1 Rd4 37. Nf2 Rd2 38. Ne4 Re2 39. Nf6+
Ke7 40. Ng8+ Kf8 0-1

[Event "27. Int. Liechtenstein - OPEN "]
[Site "Triesen"]
[Date "2009.05.15"]
[Round "1"]
[White "Hirneise, Tobias"]
[Black "Frey, Alisa"]
[Result "1-0"]
[WhiteElo "2407"]
[BlackElo "1984"]
[PlyCount "63"]
[EventDate "2009.05.15"]

1. e4 c5 2. Nf3 d6 3. d4 cxd4 4. Nxd4 Nf6 5. Nc3 a6 6. Be3 e5 7. Nb3 Be6 8. f4
exf4 9. Bxf4 Nc6 10. Qe2 Be7 11. h3 O-O 12. O-O-O Qc7 13. g4 Rfe8 14. g5 Nd7
15. Qg2 Rac8 16. Kb1 Nce5 17. h4 Bf8 18. h5 g6 19. hxg6 hxg6 20. Qh2 Bg7 21.
Qh7+ Kf8 22. Nd4 Qb6 23. Be3 Qa5 24. Nxe6+ fxe6 25. Bd4 Kf7 26. Bb5 axb5 27.
Rhf1+ Ke7 28. Qxg7+ Kd8 29. Bxe5 b4 30. Bxd6 bxc3 31. Bb4 Qb5 32. Ba5+ 1-0

[Event "27. Int. Liechtenstein - OPEN "]
[Site "Triesen"]
[Date "2009.05.15"]
[Round "1"]
[White "Kleinhenz, Hans-Georg"]
[Black "Brestian, Egon"]
[Result "0-1"]
[WhiteElo "1982"]
[BlackElo "2392"]
[PlyCount "70"]
[EventDate "2009.05.15"]

1. d4 Nf6 2. c4 g6 3. Nc3 Bg7 4. e4 d6 5. Be2 O-O 6. Bg5 Nbd7 7. Qd2 c5 8. d5
b5 9. cxb5 a6 10. b6 Nxb6 11. f3 e6 12. dxe6 Bxe6 13. Rd1 h6 14. Bxh6 Nxe4 15.
fxe4 Qh4+ 16. g3 Qxh6 17. Qxh6 Bxh6 18. Rxd6 Rfb8 19. Nf3 Bf8 20. Rd2 Nc4 21.
Bxc4 Bxc4 22. b3 Be6 23. Kf2 c4 24. bxc4 Bh6 25. Rc2 Bxc4 26. Ne5 Be6 27. Nc6
Rb7 28. Nd5 Bf8 29. Rd1 Kg7 30. Kf3 Rc8 31. Rdd2 f5 32. e5 Bxd5+ 33. Rxd5 Rbc7
34. Nd8 Rxc2 35. Rd7+ Kg8 0-1

[Event "27. Int. Liechtenstein - OPEN "]
[Site "Triesen"]
[Date "2009.05.15"]
[Round "1"]
[White "Csiba, Dominik"]
[Black "Ferk, Martin"]
[Result "1-0"]
[WhiteElo "2377"]
[BlackElo "1974"]
[PlyCount "35"]
[EventDate "2009.05.15"]

1. e4 e6 2. d4 d5 3. Nc3 dxe4 4. Nxe4 Nd7 5. Nf3 Ngf6 6. Nxf6+ Nxf6 7. Bc4 Be7
8. O-O O-O 9. Qe2 b6 10. Bf4 Bb7 11. Rad1 Nd5 12. Bg3 Bd6 13. Ne5 Nf6 14. Bd3
Be7 15. Rfe1 Qd5 16. Nf3 c5 17. c4 Qh5 18. d5 1-0

[Event "27. Int. Liechtenstein - OPEN "]
[Site "Triesen"]
[Date "2009.05.15"]
[Round "1"]
[White "Polzin, Jens-Peter"]
[Black "Bruehl, Andreas"]
[Result "0-1"]
[WhiteElo "1973"]
[BlackElo "2365"]
[PlyCount "172"]
[EventDate "2009.05.15"]

1. c4 Nf6 2. Nc3 e5 3. Nf3 Nc6 4. e3 Bb4 5. Qc2 O-O 6. Nd5 Re8 7. a3 Bf8 8. d3
d6 9. Be2 Nxd5 10. cxd5 Ne7 11. e4 c6 12. dxc6 Nxc6 13. O-O Be6 14. Bd2 Rc8 15.
Qd1 f6 16. Rc1 d5 17. Re1 Qd7 18. h3 Red8 19. Qa4 a6 20. b4 Ra8 21. Qc2 Rdc8
22. Qb2 Na7 23. Rxc8 Rxc8 24. Rc1 Qb5 25. Bf1 d4 26. Rxc8 Nxc8 27. Qc1 Nb6 28.
Ne1 Qc6 29. f4 Na4 30. fxe5 fxe5 31. Nf3 Bd6 32. Be2 Nc3 33. Kf1 b6 34. Be1 h6
35. Bg3 Qc7 36. Qd2 a5 37. bxa5 bxa5 38. Qb2 a4 39. Ke1 Bb3 40. Nd2 Nxe2 41.
Kxe2 Qc3 42. Qb1 Bc2 43. Qa2+ Kh7 44. Qc4 Bxa3 45. Bxe5 Bb4 46. Nf3 Qxc4 47.
dxc4 d3+ 48. Ke3 a3 49. Ba1 a2 50. e5 Kg8 51. Nd2 Kf7 52. Ne4 Ke6 53. Bb2 Ba3
54. Ba1 Bc1+ 55. Nd2 g5 56. Bc3 h5 57. g4 hxg4 58. hxg4 Bd1 59. Kxd3 Bxg4 60.
Ba1 Bf5+ 61. Ke2 g4 62. Kd1 Ba3 63. Ke2 Bc2 64. Nf1 Be4 65. Nd2 Bc6 66. Nb3 Be7
67. Ke3 Bg5+ 68. Kd3 Ba8 69. Nd4+ Kxe5 70. Nf3+ Kf4 71. Nxg5 Kxg5 72. Ke2 Kf4
73. Kf2 g3+ 74. Kg1 g2 75. Bh8 Ke3 76. Bg7 Kd2 77. Bh8 Kc2 78. Bg7 Kb1 79. Bh8
a1=Q 80. Bxa1 Kxa1 81. Kf2 Kb2 82. Kg1 Kc3 83. Kf2 Kxc4 84. Kg1 Kd3 85. Kf2 Kd2
86. Kg1 Ke2 0-1

[Event "27. Int. Liechtenstein - OPEN "]
[Site "Triesen"]
[Date "2009.05.15"]
[Round "1"]
[White "Strasser, Josef"]
[Black "Hug, Marcel"]
[Result "0-1"]
[WhiteElo "1948"]
[BlackElo "2300"]
[PlyCount "82"]
[EventDate "2009.05.15"]

1. d4 d6 2. Nf3 g6 3. Bf4 Bg7 4. e3 Nd7 5. c3 e5 6. dxe5 dxe5 7. Bg3 Qe7 8. Bh4
Ngf6 9. Be2 O-O 10. O-O b6 11. Nbd2 Bb7 12. Qc2 e4 13. Nd4 a6 14. h3 c5 15.
N4b3 Qe6 16. a4 Rfe8 17. Rfd1 Nd5 18. Bg3 h5 19. Nc4 Bf8 20. Ncd2 N7f6 21. Bc4
Qf5 22. Nf1 Qg5 23. Rd2 h4 24. Bh2 Rad8 25. Bxd5 Nxd5 26. Rad1 Bc6 27. Nc1 b5
28. axb5 axb5 29. Ne2 Nb6 30. Bd6 Nc4 31. Bf4 Qf6 32. Rxd8 Rxd8 33. Rxd8 Qxd8
34. b3 Nb6 35. Nd2 Qd3 36. Qxd3 exd3 37. Nc1 c4 38. b4 Bg7 39. Na2 Nd5 40. Nb1
d2 41. Nxd2 Nxc3 0-1

[Event "27. Int. Liechtenstein - OPEN "]
[Site "Triesen"]
[Date "2009.05.15"]
[Round "1"]
[White "Raykhman, Alexander"]
[Black "Gauer, Jacques"]
[Result "1-0"]
[WhiteElo "2297"]
[BlackElo "1943"]
[PlyCount "81"]
[EventDate "2009.05.15"]

1. d4 Nf6 2. c4 g6 3. Nc3 d5 4. Nf3 Bg7 5. e3 O-O 6. Be2 dxc4 7. Bxc4 c5 8. d5
Ne8 9. e4 Nd6 10. Bd3 Bg4 11. h3 Bxf3 12. Qxf3 Nd7 13. Qe2 Rc8 14. O-O c4 15.
Bc2 b5 16. Rd1 b4 17. Na4 Nb5 18. Be3 Qa5 19. f4 c3 20. b3 Na3 21. e5 Nxc2 22.
Qxc2 Qc7 23. a3 Rb8 24. axb4 Rxb4 25. Nxc3 Rc8 26. Rdc1 Nb6 27. Qd1 Qb7 28. Kh1
g5 29. Bxb6 Rxb6 30. Na4 Rb5 31. Rxc8+ Qxc8 32. Rc1 Qd7 33. Nc5 Qf5 34. Qe2
Qxf4 35. Rf1 Qb4 36. Qh5 Rb8 37. Qxf7+ Kh8 38. Ne6 Rg8 39. d6 g4 40. dxe7 gxh3
41. Qxg7+ 1-0

[Event "27. Int. Liechtenstein - OPEN "]
[Site "Triesen"]
[Date "2009.05.15"]
[Round "1"]
[White "Puliti, Alessandro"]
[Black "Habibi, Ali"]
[Result "0-1"]
[WhiteElo "1943"]
[BlackElo "2290"]
[PlyCount "64"]
[EventDate "2009.05.15"]

1. e4 c5 2. Nf3 g6 3. d4 Bg7 4. d5 d6 5. c3 Nf6 6. Bd3 O-O 7. O-O Nbd7 8. Nbd2
Rb8 9. a4 b6 10. Rb1 Ne8 11. Qc2 Qc7 12. b4 Bb7 13. b5 Qc8 14. c4 e5 15. Bb2
Ndf6 16. a5 Qd7 17. axb6 axb6 18. Ra1 Nh5 19. Ra7 Nf4 20. h3 Nf6 21. Rfa1 Nxd3
22. Qxd3 Nh5 23. R1a3 Nf4 24. Qf1 h6 25. Nh4 Qd8 26. g3 Bc8 27. gxf4 Qxh4 28.
fxe5 Qg5+ 29. Qg2 Qxd2 30. e6 Qxb2 31. exf7+ Kh7 32. Rg3 Qc1+ 0-1

[Event "27. Int. Liechtenstein - OPEN "]
[Site "Triesen"]
[Date "2009.05.15"]
[Round "1"]
[White "Bezler, Rainer"]
[Black "Nusch, Peter"]
[Result "1-0"]
[WhiteElo "2281"]
[BlackElo "1940"]
[PlyCount "79"]
[EventDate "2009.05.15"]

1. d4 d6 2. c4 Nd7 3. Nc3 Ngf6 4. e4 e5 5. Nf3 g6 6. Be2 Bg7 7. d5 a6 8. Nd2
O-O 9. g4 h6 10. Nf1 Nh7 11. h4 Re8 12. h5 g5 13. Ng3 Ndf6 14. Be3 c5 15. a3
Bd7 16. b4 b6 17. O-O Qe7 18. f3 Reb8 19. Qd3 Qd8 20. Rfb1 Ne8 21. Bd1 Nc7 22.
Ba4 b5 23. bxc5 bxa4 24. cxd6 Ne8 25. c5 Bb5 26. Nxb5 axb5 27. Rxb5 Rxb5 28.
Qxb5 Nhf6 29. Rb1 Bf8 30. Nf5 Kh7 31. Rb4 Ng7 32. Ng3 Nge8 33. Qb7 Nd7 34. Nf5
Rb8 35. Qa6 Ra8 36. Qb5 Ra5 37. Qb7 Ng7 38. c6 Nc5 39. Qxf7 Kh8 40. c7 1-0

[Event "27. Int. Liechtenstein - OPEN "]
[Site "Triesen"]
[Date "2009.05.15"]
[Round "1"]
[White "Blumenstock, Axel"]
[Black "Vilerte, Tamara"]
[Result "0-1"]
[WhiteElo "1937"]
[BlackElo "2238"]
[PlyCount "72"]
[EventDate "2009.05.15"]

1. e4 c5 2. Nf3 Nc6 3. c3 Nf6 4. Qc2 e5 5. Bb5 Qc7 6. O-O Be7 7. Re1 O-O 8. d4
cxd4 9. cxd4 exd4 10. Bg5 Qa5 11. Bxc6 dxc6 12. Nbd2 h6 13. Bxf6 Bxf6 14. e5
Be7 15. Nxd4 Rd8 16. N2b3 Qb6 17. Nf5 Bf8 18. Red1 Be6 19. Nd2 Bxf5 20. Qxf5
Qxb2 21. Ne4 Rxd1+ 22. Rxd1 Qxa2 23. Qg4 Qe6 24. Qg3 Be7 25. h3 a5 26. Nd6 Bxd6
27. Rxd6 Qc4 28. Kh2 a4 29. Rxh6 a3 30. e6 a2 31. Qc7 Qxe6 32. Rxe6 fxe6 33.
Qxb7 a1=Q 34. Qxc6 Qe5+ 35. g3 Rf8 36. Kg1 Qe1+ 0-1

[Event "27. Int. Liechtenstein - OPEN "]
[Site "Triesen"]
[Date "2009.05.16"]
[Round "2.1"]
[White "Lacrosse, Marc"]
[Black "Dgebuadze, Alexandre"]
[Result "0-1"]
[WhiteElo "2216"]
[BlackElo "2539"]
[PlyCount "54"]
[EventDate "2009.05.15"]

1. d4 Nf6 2. c4 e6 3. Nf3 c5 4. d5 exd5 5. cxd5 d6 6. Nc3 a6 7. a4 Bg4 8. Nd2
Be7 9. h3 Bc8 10. e4 O-O 11. Bd3 Nbd7 12. O-O Ne5 13. Be2 Bd7 14. f4 Ng6 15. a5
Bb5 16. Bxb5 axb5 17. Nxb5 Rxa5 18. Rxa5 Qxa5 19. Qb3 Qa6 20. g3 Bd8 21. Re1
Ba5 22. Re3 Bb4 23. Qc4 Ra8 24. Kg2 Qb6 25. Rb3 Re8 26. Kf3 Nd7 27. Nc3 Nde5+
0-1

[Event "27. Int. Liechtenstein - OPEN "]
[Site "Triesen"]
[Date "2009.05.16"]
[Round "2.2"]
[White "Hera, Imre Jr"]
[Black "Keller, Manfred"]
[Result "1-0"]
[WhiteElo "2533"]
[BlackElo "2202"]
[PlyCount "87"]
[EventDate "2009.05.15"]

1. c4 g6 2. Nc3 Bg7 3. Nf3 d6 4. g3 f5 5. d4 Nf6 6. Bg2 O-O 7. O-O c6 8. d5 e5
9. dxc6 bxc6 10. b3 Re8 11. Ba3 d5 12. cxd5 Nxd5 13. Na4 e4 14. Nd4 Nb6 15. e3
Nxa4 16. bxa4 Ba6 17. Qb3+ Qd5 18. Rfd1 Qxb3 19. axb3 Bd3 20. Rac1 Bxd4 21.
exd4 Rd8 22. Bf1 Rxd4 23. Rc3 Nd7 24. Bxd3 exd3 25. Rcxd3 Rxd3 26. Rxd3 Nb6 27.
Rd6 Rc8 28. Bc5 Rc7 29. Rd8+ Kf7 30. a5 Nc8 31. a6 Ke6 32. Kg2 g5 33. Kf3 Ne7
34. Rb8 g4+ 35. Ke3 Nd5+ 36. Ke2 Kd7 37. Ra8 Nc3+ 38. Ke3 Nb5 39. Kf4 Ke6 40.
Re8+ Kd7 41. Re7+ Kd8 42. Rxc7 Nxc7 43. Kxf5 Nxa6 44. Bxa7 1-0

[Event "27. Int. Liechtenstein - OPEN "]
[Site "Triesen"]
[Date "2009.05.16"]
[Round "2.3"]
[White "Schmidlechner, Alexander"]
[Black "Bogner, Sebastian"]
[Result "0-1"]
[WhiteElo "2196"]
[BlackElo "2511"]
[PlyCount "110"]
[EventDate "2009.05.15"]

1. d4 Nf6 2. c4 g6 3. Nc3 Bg7 4. e4 d6 5. Nf3 O-O 6. Be2 e5 7. dxe5 dxe5 8.
Qxd8 Rxd8 9. Bg5 Re8 10. Nd5 Nxd5 11. cxd5 c6 12. Bc4 cxd5 13. Bxd5 Nd7 14. Nd2
Nc5 15. O-O Be6 16. Bxe6 Nxe6 17. Be3 Nd4 18. Nf3 Nc2 19. Rac1 Nxe3 20. fxe3
Rac8 21. Kf2 Kf8 22. Ke2 Ke7 23. Rfd1 f6 24. Nd2 Ke6 25. Nb1 f5 26. Nc3 Rc4 27.
b3 Rc6 28. Nb5 Rec8 29. Rd6+ Rxd6 30. Rxc8 Ra6 31. a4 Rb6 32. Rc3 a6 33. Nc7+
Kd7 34. Nd5 Rc6 35. Rxc6 Kxc6 36. Kd3 Kd6 37. Kc4 Bh6 38. Kd3 Bg5 39. b4 Kc6
40. h3 Bh4 41. Nc3 Be1 42. Kc4 Kd6 43. Kd3 h5 44. Kc4 Ke6 45. b5 axb5+ 46. axb5
Bxc3 47. Kxc3 f4 48. exf4 exf4 49. Kd4 g5 50. e5 g4 51. hxg4 hxg4 52. Ke4 f3
53. Ke3 fxg2 54. Kf2 Kxe5 55. Kxg2 Kd5 0-1

[Event "27. Int. Liechtenstein - OPEN "]
[Site "Triesen"]
[Date "2009.05.16"]
[Round "2.4"]
[White "Van Der Weide, Karel"]
[Black "Scheffknecht, Philipp"]
[Result "1-0"]
[WhiteElo "2497"]
[BlackElo "2191"]
[PlyCount "83"]
[EventDate "2009.05.15"]

1. e4 c5 2. Nf3 e6 3. d4 cxd4 4. Nxd4 a6 5. Nc3 Qc7 6. Bd3 Nf6 7. Qe2 d6 8. f4
Nbd7 9. g4 Nc5 10. Bd2 b5 11. g5 Nfd7 12. b4 Nxd3+ 13. cxd3 Bb7 14. Rc1 Rc8 15.
O-O Qb6 16. Be3 Qd8 17. Qf2 e5 18. Nde2 Be7 19. h4 exf4 20. Nxf4 O-O 21. Ncd5
Ne5 22. Qg3 Re8 23. Bd4 Bf8 24. h5 Rxc1 25. Rxc1 Bxd5 26. Nxd5 Nxd3 27. Nf6+
gxf6 28. gxf6+ Kh8 29. Qxd3 Qd7 30. Qf3 Qe6 31. a3 Bh6 32. Rc2 Rg8+ 33. Rg2
Rxg2+ 34. Kxg2 Qc8 35. Bf2 Qc1 36. Bg3 Qd2+ 37. Kh3 Qe3 38. Qxe3 Bxe3 39. Bxd6
Bc1 40. e5 Kg8 41. Kg4 Bxa3 42. Kf5 1-0

[Event "27. Int. Liechtenstein - OPEN "]
[Site "Triesen"]
[Date "2009.05.16"]
[Round "2.5"]
[White "Kuhn, Thomas"]
[Black "Farago, Ivan"]
[Result "0-1"]
[WhiteElo "2169"]
[BlackElo "2491"]
[PlyCount "34"]
[EventDate "2009.05.15"]

1. d4 e6 2. Nf3 c5 3. c3 Nc6 4. Bg5 f6 5. Bf4 cxd4 6. cxd4 Qb6 7. Bc1 d5 8. e3
f5 9. Be2 Nf6 10. O-O Bd6 11. b3 O-O 12. Ba3 Bxa3 13. Nxa3 Ne4 14. Nb1 Bd7 15.
Nfd2 Rac8 16. Nxe4 fxe4 17. f3 Nb4 0-1

[Event "27. Int. Liechtenstein - OPEN "]
[Site "Triesen"]
[Date "2009.05.16"]
[Round "2.6"]
[White "Kohlweyer, Bernd"]
[Black "Ballon, Guenther"]
[Result "1-0"]
[WhiteElo "2435"]
[BlackElo "2166"]
[PlyCount "89"]
[EventDate "2009.05.15"]

1. d4 d5 2. c4 c6 3. Nf3 Nf6 4. e3 e6 5. b3 a5 6. Bd3 a4 7. O-O axb3 8. Qxb3
Nbd7 9. Nbd2 Be7 10. a4 O-O 11. Ba3 c5 12. cxd5 exd5 13. dxc5 Nxc5 14. Bxc5
Bxc5 15. Qc2 Be7 16. Rfb1 h6 17. Rb5 Ra7 18. Bf5 Bxf5 19. Qxf5 Qa8 20. Qc2 Rc8
21. Qb3 Rc5 22. Nd4 Qc8 23. Rxc5 Qxc5 24. g3 Ne4 25. Nxe4 dxe4 26. Nb5 Ra8 27.
Rd1 Rd8 28. Rxd8+ Bxd8 29. Qd1 Be7 30. Qd7 b6 31. Qe8+ Bf8 32. Qxe4 Qb4 33.
Qxb4 Bxb4 34. Kf1 Kf8 35. Nc7 Be7 36. Ke2 Bd8 37. Nd5 Ke8 38. Kd3 Kd7 39. e4
Kc6 40. Kc4 h5 41. h3 g6 42. e5 h4 43. g4 Kd7 44. Kb5 Ke6 45. Nxb6 1-0

[Event "27. Int. Liechtenstein - OPEN "]
[Site "Triesen"]
[Date "2009.05.16"]
[Round "2.7"]
[White "Simon, Peter"]
[Black "Siebrecht, Sebastian"]
[Result "0-1"]
[WhiteElo "2163"]
[BlackElo "2433"]
[PlyCount "78"]
[EventDate "2009.05.15"]

1. d4 Nf6 2. g3 e6 3. c4 c5 4. d5 exd5 5. cxd5 d6 6. Nc3 g6 7. Bg2 Bg7 8. Nf3
O-O 9. O-O a6 10. a4 Nbd7 11. Bf4 Qe7 12. h3 Nh5 13. Bg5 f6 14. Bd2 f5 15. Rb1
h6 16. Re1 g5 17. e4 f4 18. g4 Nhf6 19. b4 Ne8 20. bxc5 Nxc5 21. Qe2 h5 22. e5
hxg4 23. hxg4 Bxg4 24. exd6 Qxe2 25. Nxe2 Nxd6 26. Ned4 Bxf3 27. Nxf3 Nce4 28.
Bb4 g4 29. Bxd6 Nxd6 30. Ne5 f3 31. Bf1 Rf4 32. Ng6 Rxa4 33. Re6 Rd8 34. Rb6 g3
35. Rbxd6 Rxd6 36. Rxd6 Bd4 37. Ne7+ Kf7 38. Nf5 Bxf2+ 39. Kh1 Ra1 0-1

[Event "27. Int. Liechtenstein - OPEN "]
[Site "Triesen"]
[Date "2009.05.16"]
[Round "2.8"]
[White "Foisor, Cristina-Adela"]
[Black "Klings, Peter"]
[Result "1/2-1/2"]
[WhiteElo "2423"]
[BlackElo "2152"]
[PlyCount "112"]
[EventDate "2009.05.15"]

1. c4 Nf6 2. g3 Nc6 3. Bg2 e5 4. Nc3 Bc5 5. e3 O-O 6. Nge2 Re8 7. d3 a6 8. O-O
d6 9. h3 Bd7 10. Kh2 Rb8 11. a3 Ba7 12. b4 b5 13. Qc2 Ne7 14. Bb2 c5 15. Rfd1
Qc7 16. cxb5 axb5 17. Ne4 Nfd5 18. Rdc1 Rbc8 19. Qd2 Qb8 20. g4 Red8 21. N4g3
Nb6 22. Nc3 c4 23. d4 exd4 24. exd4 d5 25. Re1 Qd6 26. a4 Nxa4 27. Nxa4 bxa4
28. b5 Ng6 29. Rxa4 Bb6 30. Ba3 Qf4 31. Qxf4 Nxf4 32. Nf5 Bxf5 33. gxf5 Nxg2
34. Kxg2 Bxd4 35. Rd1 Bb6 36. Ra6 Rb8 37. Be7 Rd7 38. Bg5 f6 39. Bf4 Rbb7 40.
Ra8+ Kf7 41. Rc8 Ba7 42. Rb1 Bd4 43. Rd1 Be5 44. Bxe5 fxe5 45. Rc5 c3 46. Rdxd5
Rxd5 47. Rxd5 Rc7 48. Rd1 Kf6 49. Rc1 Kxf5 50. b6 Rb7 51. Rxc3 Rxb6 52. Rc7 e4
53. Rxg7 Rg6+ 54. Rxg6 hxg6 55. Kg3 g5 56. Kh2 Ke5 1/2-1/2

[Event "27. Int. Liechtenstein - OPEN "]
[Site "Triesen"]
[Date "2009.05.16"]
[Round "2.9"]
[White "Illi, Hans-Joerg"]
[Black "Hommeles, Theo"]
[Result "0-1"]
[WhiteElo "2144"]
[BlackElo "2415"]
[PlyCount "66"]
[EventDate "2009.05.15"]

1. d4 d6 2. c4 g6 3. Nc3 Bg7 4. e4 e5 5. dxe5 dxe5 6. Qxd8+ Kxd8 7. Bg5+ f6 8.
O-O-O+ Nd7 9. Be3 Bh6 10. Bxh6 Nxh6 11. g3 c6 12. f4 Ng4 13. Rd2 Kc7 14. Bh3
Nc5 15. b4 Nf2 16. bxc5 Nxh3 17. Nxh3 Bxh3 18. Rd6 Rhf8 19. Rhd1 Rae8 20. Kc2
Re7 21. Kb3 Bc8 22. f5 gxf5 23. exf5 Bxf5 24. Rf1 Be6 25. Ne4 f5 26. g4 f4 27.
h3 b5 28. cxb6+ axb6 29. Kb4 Ra8 30. a4 c5+ 31. Kb3 Bxc4+ 32. Kxc4 Rxa4+ 33.
Kd5 Rd4# 0-1

[Event "27. Int. Liechtenstein - OPEN "]
[Site "Triesen"]
[Date "2009.05.16"]
[Round "2.10"]
[White "Foisor, Ovidiu-Doru"]
[Black "Kranz, Armin"]
[Result "1-0"]
[WhiteElo "2408"]
[BlackElo "2142"]
[PlyCount "89"]
[EventDate "2009.05.15"]

1. c4 Nf6 2. Nf3 c5 3. g3 b6 4. Bg2 Bb7 5. O-O e6 6. Nc3 d6 7. b3 Nbd7 8. Bb2
Be7 9. e3 a6 10. d4 cxd4 11. Nxd4 Bxg2 12. Kxg2 Rc8 13. f4 Rc7 14. Qf3 Qc8 15.
g4 h6 16. Rad1 g5 17. h3 gxf4 18. exf4 Rg8 19. Rfe1 Kf8 20. Re2 Nc5 21. Kh2 Qb8
22. Rf1 Qc8 23. Rg1 Qb7 24. Qe3 d5 25. cxd5 Nxd5 26. Nxd5 Qxd5 27. Rc1 Bd6 28.
Nf5 Nd3 29. Nxd6 Rxc1 30. Bxc1 Nxc1 31. Rd2 Qc5 32. Qxc5 bxc5 33. Ne4 Ke7 34.
Nxc5 Rc8 35. Nxa6 f6 36. Kg2 e5 37. f5 h5 38. Nb4 hxg4 39. hxg4 e4 40. Kf2 Rg8
41. Nc6+ Kf7 42. Rd7+ Kf8 43. Rd8+ Kf7 44. Rxg8 Kxg8 45. Nb4 1-0

[Event "27. Int. Liechtenstein - OPEN "]
[Site "Triesen"]
[Date "2009.05.16"]
[Round "2.11"]
[White "Mannhart, Marcel"]
[Black "Hirneise, Tobias"]
[Result "1/2-1/2"]
[WhiteElo "2140"]
[BlackElo "2407"]
[PlyCount "58"]
[EventDate "2009.05.15"]

1. Nc3 c5 2. e4 Nc6 3. Bb5 Nd4 4. Bc4 g6 5. Nf3 Bg7 6. O-O e6 7. d3 Ne7 8. Nxd4
cxd4 9. Ne2 O-O 10. Bb3 Kh8 11. c3 dxc3 12. bxc3 f5 13. Bg5 h6 14. Bd2 b6 15.
Rc1 Bb7 16. f3 e5 17. c4 d6 18. Ba4 g5 19. Nc3 Ng6 20. g3 Rc8 21. Qe2 Ne7 22.
Rb1 Nc6 23. Bxc6 Bxc6 24. g4 fxg4 25. fxg4 Qc7 26. Be3 Rce8 27. Rxf8+ Rxf8 28.
Rf1 Rxf1+ 29. Qxf1 Qc8 1/2-1/2

[Event "27. Int. Liechtenstein - OPEN "]
[Site "Triesen"]
[Date "2009.05.16"]
[Round "2.12"]
[White "Brestian, Egon"]
[Black "Huber, Silvan"]
[Result "1/2-1/2"]
[WhiteElo "2392"]
[BlackElo "2130"]
[PlyCount "39"]
[EventDate "2009.05.15"]

1. c4 Nf6 2. Nf3 g6 3. g3 Bg7 4. Bg2 O-O 5. O-O c6 6. d3 d5 7. Nbd2 Re8 8. Qc2
e5 9. e4 dxe4 10. Nxe4 Nxe4 11. dxe4 c5 12. Be3 Qe7 13. Ne1 Nc6 14. Nd3 Nd4 15.
Bxd4 cxd4 16. b4 Be6 17. Nc5 Bc8 18. Nd3 Be6 19. Nc5 Bc8 20. Nd3 1/2-1/2